00850nam a2200241 a 45000010008000000030004000080050017000120080041000290200015000700400023000850820015001081000034001232450074001572600051002313000027002824900036003095000021003455040029003666100031003956500059004266500059004858000064005449628331OSt20181219131852.0830621s1971 ilu b 001 0 eng d a0226653714 aMOGcMOGdm/cdOBE a230bP384E1 aPelikan, Jaroslav,d1923-200614aThe emergence of the Catholic tradition (100-600) /cJaroslav Pelikan aChicago :bUniversity of Chicago Press,cc1971 axxiii, 394 p. ;c24 cm1 aThe Christian tradition ;vv. 1 aIncludes indexes aBibliography: p. 358-37620aCatholic ChurchxDoctrines 0aTheology, DoctrinalxHistoryyEarly church, ca. 30-600 0aChurch historyyPrimitive and early church, ca. 30-6001 aPelikan, Jaroslav,d1923-2006.tChristian tradition ;vv. 1